| 000 | 01374nam a22003017a 4500 | ||
|---|---|---|---|
| 001 | 5084 | ||
| 003 | FISKH | ||
| 005 | 20241105123109.0 | ||
| 008 | 241105b cb ||||| |||| 00| 0 eng d | ||
| 020 | _a078073004997 | ||
| 040 |
_aFISKH _beng _cFISKH _dFISKH |
||
| 050 | _aPZ7.R5996 | ||
| 082 | _a823 | ||
| 100 | _aRodda, Emily | ||
| 245 |
_aShadowgate / _cby Emily Rodda |
||
| 250 | _aFirst American edition, September 2004 | ||
| 260 |
_aNew York : _bScholastic ; _c2004. |
||
| 300 |
_a195 pages : _billustrations ; _c20 cm . |
||
| 490 |
_aDragons of Deltora _vBook 2 |
||
| 505 | _aS | ||
| 520 | _aThe Four Sisters, evil creations of the Shadow Lord, are poisoning Deltora and starving its people. Lief, Barda, and Jasmine have found and destroyed the first of the Sisters. Now they must find the second, hidden within the mountains that border the Shadowlands. And they know that only the Dragon of the Emerald can help them. The Shadow Lord is now aware of their quest. Deep in the Shadowlands, he plots their destruction. Hidden enemies and trickery await as the companions travel towards the Sister of the North and its terrible guardian in the dread place called Shadowgate. | ||
| 521 | 8 |
_a790
_bLexile |
|
| 521 | 8 |
_aS
_bRaz-Plus |
|
| 650 |
_adragon _vfiction |
||
| 700 |
_aRowe, Kate _eillustrator |
||
| 942 |
_2ddc _cBK _n0 |
||
| 999 |
_c5084 _d5084 |
||